上越CTC型放送の使用駅 - Statistics

General Stats
  • This quiz has been taken 7 times
  • The average score is 15 of 16
Answer Stats
Answer % Correct
新町
100%
倉賀野
100%
高崎
100%
高崎問屋町
100%
井野
100%
新前橋
100%
群馬総社
100%
渋川
100%
沼田
100%
後閑
100%
水上
100%
上牧
83%
八木原
67%
敷島
67%
津久田
67%
岩本
67%
No matching quizzes found
Score Distribution
Percent of People with Each Score
Percentile by Number Answered
Your Score History
You have not taken this quiz